Sheʼelot u-teshuvot Minḥat Barukh : (Record no. 31973)

MARC details
000 -LEADER
fixed length control field 00697cam a22002411 4500
001 - CONTROL NUMBER
control field he 66001716
003 - CONTROL NUMBER IDENTIFIER
control field DLC
005 - DATE AND TIME OF LATEST TRANSACTION
control field 20260227111441.0
008 - FIXED-LENGTH DATA ELEMENTS--GENERAL INFORMATION
fixed length control field 840307s1896 pl 000 0 heb
010 ## - LIBRARY OF CONGRESS CONTROL NUMBER
LC control number he 66001716
035 ## - SYSTEM CONTROL NUMBER
System control number (OCoLC)19153221
040 ## - CATALOGING SOURCE
Original cataloging agency DLC
Transcribing agency MH
Modifying agency DLC
042 ## - AUTHENTICATION CODE
Authentication code premarc
050 00 - LIBRARY OF CONGRESS CALL NUMBER
Classification number BM522.6
Item number .A85 1896
100 1# - MAIN ENTRY--PERSONAL NAME
Personal name Lavski, Baruch ben Samuel Meir.
245 10 - TITLE STATEMENT
Title Sheʼelot u-teshuvot Minḥat Barukh :
Remainder of title ḥeleḳ Imre ḥayim...ʻal Oraḥ ḥayim...
260 ## - PUBLICATION, DISTRIBUTION, ETC.
Place of publication, distribution, etc. Warsaw :
Name of publisher, distributor, etc. Defus ha-aḥim Shuldberg,
Date of publication, distribution, etc. 656, 1896.
300 ## - PHYSICAL DESCRIPTION
Extent 274 p. ;
Dimensions 34 cm.
650 #0 - SUBJECT ADDED ENTRY--TOPICAL TERM
Topical term or geographic name entry element Responsa.
740 0# - ADDED ENTRY--UNCONTROLLED RELATED/ANALYTICAL TITLE
Uncontrolled related/analytical title Minḥat Barukh.
740 0# - ADDED ENTRY--UNCONTROLLED RELATED/ANALYTICAL TITLE
Uncontrolled related/analytical title Imre ḥayim.
752 ## - ADDED ENTRY--HIERARCHICAL PLACE NAME
Country or larger entity Poland
City Warsaw

No items available.

Powered by Koha